1187 1948 1319 1512 1743 1230 1775 1441 1880 1807 1081 1189 1396 1282 1649 1110 1369 1716 1142 1034 1131 1371 1868 1980 1336 1928 1779 1497 1906 1212 1041 1390 1379 1099 1334 1407 1398 1372 1591 1012 1137 1345 1056 1091 1622 1516 1625 1074 1011 1526 1306 1812 1712 1970 1536 1230 1922 1590 1417 1940 1985 1703 1361 1613 1951 1719 1072 1962 1715 1086 1913 1925 1892 1812 1195 1348 1206 1790 1830 1942 1542 1037 1191 1398 1930 1157 1802 1676 1596 1003 1238 1972 1403 1012 1163 1012 1614 1318 1049 BCNSPRNW ULIB Ver.6.0+V

เปลี่ยนเป็นภาษาไทย

Change to English
 แสดงรายละเอียดบรรณานุกรม
  กลับหน้าหลัก

Brief Record : Get Marc (ISO 2709) : E-mail record : QR code < ปิดหน้าต่าง
LEADER : 00000nam a2200000 a 4500
001    13399113826
003     ULIB
008    020903s1998 us a b 000 0 eng d
020    ^a0205316026
050  4 ^aBF713^bB512d
100 1  ^aBerk, Laura E.
245 10 ^aDevelopment through the lifespan /^cLaura E. Berk
250    ^aAnnotated Instructor ed.
260    ^aBoston :^bAllyn and Bacon,^cc1998
300    ^axxvi, 650 p. :^bill. (some col.) ;^c29 cm
504    ^aIncludes bibliographical references
650  0 ^aDevelopmental psychology
945    ^p0^l0^i030902
995    ^aKesorn
999 ^a ใช้งานได้ทุกระบบ
รายการนี้ยังไม่มีแท็ก
คุณยังไม่ได้ล็อกอิน คุณสามารถมีกิจกรรมร่วมกับเว็บไซต์ได้ แต่ต้องล็อกอินก่อน ::
  ล็อกอิน

รายการสื่อสารสนเทศ

ลำดับที่ ประเภท เลขเรียก/บาร์โค้ด สถานที่ สถานะ
- ไม่พบข้อมูล -

BibComment


ยังไม่เคยถูกคอมเมนท์

คอมเมนท์ทรัพยากรรายการนี้
  คอมเมนท์: Development thro..


 Copyright 2026. Bcnsprnw @Library